Top 10 NZ Test Cricket - Statistics

General Stats
  • This quiz has been taken 47 times
  • The average score is 13 of 20
Answer Stats
Opposition Score % Correct
Ross Taylor
100%
Kane Williamson
95%
Stephen Fleming
95%
Stephen Fleming
95%
Brendon McCullum
93%
Martin Crowe
80%
Tom Latham
80%
India (2014) 302
71%
Sri Lanka (2003) 274*
63%
Australia (2015) 290
63%
Sri Lanka (1991) 299
61%
Sri Lanka (2018) 264*
59%
Sri Lanka (1997) 267*
56%
West Indies (1972) 259
54%
South Africa (2006) 262
54%
Sri Lanka (2015) 242*
51%
Glenn Turner
49%
India (1968) 239
44%
Bryan Young
41%
Graham Dowling
34%
No matching quizzes found
Score Distribution
Percent of People with Each Score
Percentile by Number Answered
Your Score History
You have not taken this quiz